Reactivation of the cell cycle in terminally differentiated cells /
Saved in:
| Other Authors: | |
|---|---|
| Format: | Book |
| Language: | English |
| Published: |
Georgetown, Tex. : New York ; [London?] :
Landes Bioscience/Eurekah.com ; Kluwer Academic/Plenum Publishers,
c2002.
|
| Series: | Molecular biology intelligence unit ;
17 |
| Subjects: | |
| Online Access: | Table of Contents Publisher description |
| LEADER | 02294cam a2200433 a 4500 | ||
|---|---|---|---|
| 001 | c000292884 | ||
| 003 | CARM | ||
| 005 | 20090623161329.0 | ||
| 008 | 030120s2002 enka 001 0 eng | ||
| 010 | |a 2001004700 | ||
| 015 | |a GBA3-9065 | ||
| 019 | 1 | |a 22935915 |5 LACONCORD2021 | |
| 020 | |a 0306474239 |c No price | ||
| 020 | |a 158706071X (hardcover) | ||
| 020 | |a 1587061007 (softcover) | ||
| 035 | |a (OCoLC)47756295 |5 LACONCORD2021 | ||
| 040 | |a DNLM/DLC |b eng |c DNLM |d Uk |d DNLM/DLC | ||
| 042 | |a pcc | ||
| 050 | 0 | 0 | |a QH607 |b .R35 2001 |
| 060 | 1 | 0 | |a QH 605 |b R281 2001 |
| 082 | 0 | 0 | |a 571.8/35 |2 21 |
| 245 | 0 | 0 | |a Reactivation of the cell cycle in terminally differentiated cells / |c [edited by] Marco Crescenzi. |
| 260 | |a Georgetown, Tex. : |b Landes Bioscience/Eurekah.com ; |a New York ; |a [London?] : |b Kluwer Academic/Plenum Publishers, |c c2002. | ||
| 300 | |a 102 p. : |b ill. ; |c 24 cm. | ||
| 490 | 1 | 0 | |a Molecular biology intelligence unit ; |v 17 |
| 504 | |a Includes bibliographical references and index. | ||
| 505 | 0 | |a Myocyte proliferation in the failing heart / Jan Kajstura ... [et al.] -- Regulation of cardiomyocyte proliferetion and apoptosis / Kishore B. S. Psumarthi, Adil I. Daud and Loren J. Field -- Cell cycle reactivation in cardiac myocytes / W. Robb Maclellan and Michael D. Schneider -- Cell cycle reactivation in skeletal musce and other terminally differentiated cells / Alessandra Sacco ... [et al.] -- Reversal of terminally differentiated state in skeletal myocytes by SV40 large T antigen / Takeshi endo -- Cellular dedifferentiation during regeneration: the amphibian muscle system / Elly M. Tanaka. | |
| 650 | 0 | |a Cell differentiation. | |
| 650 | 0 | |a Cell cycle. | |
| 650 | 0 | |a Apoptosis. | |
| 650 | 0 | |a Muscle cells. | |
| 650 | 0 | |a Heart cells. | |
| 700 | 1 | |a Crescenzi, Marco. | |
| 830 | 0 | |a Molecular biology intelligence unit ; |v 17 | |
| 856 | 4 | |3 Table of Contents |u http://www.loc.gov/catdir/toc/ecip02/2001004700.html | |
| 856 | 4 | 2 | |3 Publisher description |u http://www.loc.gov/catdir/enhancements/fy0819/2001004700-d.html |
| 852 | 8 | |b CARM |h A3:AD15A0 |i B11309 |p 0529677 |f BK | |
| 999 | f | f | |i 6d386525-4daf-5f00-be03-268cc0143d35 |s 16bb40a1-be7e-5b42-a495-4ad648276aae |
| 952 | f | f | |p Can circulate |a CAVAL |b CAVAL |c CAVAL |d CARM 1 Store |e B11309 |f A3:AD15A0 |h Other scheme |i book |m 0529677 |